00406pab a2200133 454500008004000000245010100040260000900141300001100150362001000161650003100171650002900202650002100231773002000252180718b2015 xxu||||| |||| 00| 0 eng d aInternationalisation of higher education in India and its importance in the new education policy c2015 ap.5-7. a7 Sep aEducational policy - India aHigher education - India aHigher education aUniversity News